
Library Catalogue

| 000 -LEADER | |
|---|---|
| fixed length control field | 03806cam a2200397 a 4500 |
| 001 - CONTROL NUMBER | |
| control field | 14457785 |
| 003 - CONTROL NUMBER IDENTIFIER | |
| control field | OSt |
| 005 - DATE AND TIME OF LATEST TRANSACTION | |
| control field | 20200919223516.0 |
| 008 - FIXED-LENGTH DATA ELEMENTS--GENERAL INFORMATION | |
| fixed length control field | 060530s2006 ii a b 010 0 eng |
| 010 ## - LIBRARY OF CONGRESS CONTROL NUMBER | |
| LC control number | 2006413278 |
| 020 ## - INTERNATIONAL STANDARD BOOK NUMBER | |
| International Standard Book Number | 8173046794 |
| 025 ## - OVERSEAS ACQUISITION NUMBER | |
| Overseas acquisition number | I-E-2006-413278; 56-92 |
| 037 ## - SOURCE OF ACQUISITION | |
| Source of stock number/acquisition | Library of Congress -- New Delhi Overseas Office |
| Terms of availability | Rs875.00 |
| 040 ## - CATALOGING SOURCE | |
| Original cataloging agency | DLC |
| Transcribing agency | DLC |
| Modifying agency | DLC |
| 042 ## - AUTHENTICATION CODE | |
| Authentication code | lcode |
| 043 ## - GEOGRAPHIC AREA CODE | |
| Geographic area code | a-ii--- |
| 050 00 - LIBRARY OF CONGRESS CALL NUMBER | |
| Classification number | DS435 |
| Item number | .I62 2006 |
| 082 ## - DEWEY DECIMAL CLASSIFICATION NUMBER | |
| Classification number | 954.072 BRA |
| 245 00 - TITLE STATEMENT | |
| Title | Interrogating history : |
| Remainder of title | Essays for Hermann Kulke / |
| Statement of responsibility, etc. | edited by Martin Brandtner, Shishir Kumar Panda. |
| 260 ## - PUBLICATION, DISTRIBUTION, ETC. | |
| Place of publication, distribution, etc. | New Delhi : |
| Name of publisher, distributor, etc. | Manohar Publishers & Distributors : |
| -- | Distributed by Foundation Books, |
| Date of publication, distribution, etc. | 2006. |
| 300 ## - PHYSICAL DESCRIPTION | |
| Extent | 392 p. : |
| Other physical details | ill. ; |
| Dimensions | 23 cm. |
| 504 ## - BIBLIOGRAPHY, ETC. NOTE | |
| Bibliography, etc. note | Includes bibliographical references. |
| 504 ## - BIBLIOGRAPHY, ETC. NOTE | |
| Bibliography, etc. note | "Hermann Kulke: a bibliography"--P. [381]-390. |
| 505 ## - FORMATTED CONTENTS NOTE | |
| Formatted contents note | PART I<br/>WAYS OF QUESTIONING: HISTORIANS AND HISTORIOGRAPHY<br/>1. Hermann Kulke's Contribution to the Study of<br/>Indian History and Culture<br/>MARTIN BRANDTNER and SHISHIR KUMAR PANDA 11<br/>2. Archaeology of Orissa: A Historiographic Study<br/>KISHOR K. BASA 23<br/>3. Ways of Seeing: History and Historiography<br/>of the State in Early India<br/>BHAIRABI PRASAD SAHU 63<br/>4. The Horse in Indian History<br/>Dietmar Rothermund 83<br/>PART II<br/>ISSUES IN SOUTH AND SOUTH-EAST ASIAN HISTORY<br/>5. Kharavela and the Connected Problems<br/>SNIGDHA TRIPATHY 91<br/>6. The Date Formula in Early Ceylonese Inscriptions<br/>HARRY FALK 117<br/>7. Indian Tradition and Time<br/>ALOKA PARASHER-SEN 129<br/>8. On Board the Hermapollon:<br/>Transporting Gangetic Nard from Muziris<br/>RANABIR CHAKRAVARTI 147<br/>9. A Theatre of Broken Dreams<br/>VidiSa in the Days of Gupta Hegemony<br/>HANS BAKKER 165<br/>10. Early Medieval Orissa: The Data and the Debate<br/>UPINDER SINGH 189<br/>11. Rabindranath Tagore in Myanmar and His Perception<br/>of Southeast Asia-India Relations<br/>SWAPNA BHATTACHARYA 213<br/>PART III<br/>POLITICS OF IDENTITY AND CULTURE<br/>12. The Oriya Movement and Singhbhum<br/>NIVEDITA MOHANTY 233<br/>13. Blurred Boundaries: Religion and Politics in Orissa<br/>ISHITA BANERJEE-DUBE 263<br/>14. Problematizing Heritage: Region, Religion<br/>and the Making of Cultural Identity<br/>YAAMINEY MUBAYI 279<br/>15. Mapping the Mahatma: Literary Tracts and<br/>Rumours in Late Colonial Orissa<br/>CHANDI PRASAD NANDA 291<br/>16. Decolonised Orissa: Issues and Problems<br/>BISWAMOY PATI 303<br/>17. The Pure Spring: A Cosmogram at Khallikot<br/>JOANNA WILLIAMS 331<br/>18. Kondh Classification and Mythology in<br/>Macpherson's 'Account'<br/>GEORG PFEFFER 347<br/>19. Some Remarks on the Vdmadeva Samhita:<br/>A Saivite Version of the Pi5j Manuals<br/>of Lord Jagann5tha<br/>G. C. TRIPATHI 365<br/> |
| 520 ## - SUMMARY, ETC. | |
| Summary, etc. | Contributed articles predominantly on historiography and historians of India and area study of Orissa historical related topics. |
| 650 #0 - SUBJECT ADDED ENTRY--TOPICAL TERM | |
| Topical term or geographic name entry element | Historians |
| Geographic subdivision | India. |
| 651 #0 - SUBJECT ADDED ENTRY--GEOGRAPHIC NAME | |
| Geographic name | India |
| General subdivision | Historiography. |
| 651 #0 - SUBJECT ADDED ENTRY--GEOGRAPHIC NAME | |
| Geographic name | Odisha (India) |
| General subdivision | History. |
| 700 1# - ADDED ENTRY--PERSONAL NAME | |
| Personal name | Kulke, Hermann. |
| 700 1# - ADDED ENTRY--PERSONAL NAME | |
| Personal name | Brandtner, Martin. |
| 700 1# - ADDED ENTRY--PERSONAL NAME | |
| Personal name | Panda, Shishir Kumar. |
| 856 41 - ELECTRONIC LOCATION AND ACCESS | |
| Materials specified | Table of contents only |
| Uniform Resource Identifier | <a href="http://www.loc.gov/catdir/toc/fy0613/2006413278.html">http://www.loc.gov/catdir/toc/fy0613/2006413278.html</a> |
| 906 ## - LOCAL DATA ELEMENT F, LDF (RLIN) | |
| a | 7 |
| b | cbc |
| c | origode |
| d | 3 |
| e | ncip |
| f | 20 |
| g | y-gencatlg |
| 942 ## - ADDED ENTRY ELEMENTS (KOHA) | |
| Source of classification or shelving scheme | Dewey Decimal Classification |
| Koha item type | BOOKs |
| Withdrawn status | Lost status | Source of classification or shelving scheme | Materials specified (bound volume or other part) | Damaged status | Not for loan | Home library | Current library | Shelving location | Date acquired | Source of acquisition | Cost, normal purchase price | Total Checkouts | Full call number | Barcode | Date last seen | Price effective from | Koha item type |
|---|---|---|---|---|---|---|---|---|---|---|---|---|---|---|---|---|---|
| Dewey Decimal Classification | HB | NLS | NLS | 25/10/2019 | Purchased | 875.00 | 954.072 BRA | 37795 | 25/10/2019 | 25/10/2019 | BOOKs |